A decade of extrasolar planets around normal stars (Record no. 17023)

MARC details
000 -LEADER
fixed length control field 00979nam a2200229Ia 4500
003 - CONTROL NUMBER IDENTIFIER
control field IN-BaIIA
008 - FIXED-LENGTH DATA ELEMENTS--GENERAL INFORMATION
fixed length control field 211028s9999 xx 000 0 eng d
020 ## - INTERNATIONAL STANDARD BOOK NUMBER
International Standard Book Number 978-0-521-89784-6
040 ## - CATALOGING SOURCE
Transcribing agency IIA Library
080 ## - UNIVERSAL DECIMAL CLASSIFICATION NUMBER
Universal Decimal Classification number 523.4(082.1)
Item number DEC
111 ## - MAIN ENTRY--MEETING NAME
Meeting name or jurisdiction name as entry element Space Telescope Science Institute Symposium
Location of meeting Maryland
Date of meeting or treaty signing 2008 May 2- 5
9 (RLIN) 31987
245 #2 - TITLE STATEMENT
Title A decade of extrasolar planets around normal stars
Remainder of title proceedings of the space telescope science institute symposium, held in Baltimore, Maryland, May 2- 5 , 2008
Statement of responsibility, etc. edited by Mario Livio, Kailash Sahu and Jeff Valenti
260 ## - PUBLICATION, DISTRIBUTION, ETC.
Place of publication, distribution, etc. Cambridge
Name of publisher, distributor, etc. Cambridge University Press
Date of publication, distribution, etc. 2008
300 ## - PHYSICAL DESCRIPTION
Extent xi, 183p.
490 ## - SERIES STATEMENT
Series statement Space telescope science institute symposium series; 19
650 ## - SUBJECT ADDED ENTRY--TOPICAL TERM
Topical term or geographic name entry element Extrasolar planets
9 (RLIN) 3586
650 ## - SUBJECT ADDED ENTRY--TOPICAL TERM
Topical term or geographic name entry element Planetory migration
9 (RLIN) 31988
700 ## - ADDED ENTRY--PERSONAL NAME
Personal name Livio, Mario, ed.
9 (RLIN) 13149
700 ## - ADDED ENTRY--PERSONAL NAME
Personal name Sahu, Kailash, ed.
9 (RLIN) 25020
700 ## - ADDED ENTRY--PERSONAL NAME
Personal name Valenti, Jeff, ed.
9 (RLIN) 31989
942 ## - ADDED ENTRY ELEMENTS (KOHA)
Koha item type Books
Holdings
Withdrawn status Lost status Damaged status Not for loan Home library Current library Shelving location Date acquired Source of acquisition Cost, normal purchase price Total Checkouts Full call number Barcode Date last seen Cost, replacement price Price effective from Koha item type Purchase Price
        IIA Library-Bangalore IIA Library-Bangalore General Stacks 25/08/2008 VIS 5728.80   523.4(082.1)/ DEC 17945 05/11/2021 5728.80 25/08/2008 Books Rs. 5728.80

Powered by Koha